Načítá se...

Ibn Al-Arabi: the great muslim mystic and thinker

Podrobná bibliografie
Hlavní autor: Husaini, S A Q
Médium: Printed Book
Vydáno: Adam publishers, New Delhi 1996
Témata:
LEADER 00523nam a2200157 4500
082 |a 297.4092 HUS 
100 |a Husaini, S A Q 
245 |a Ibn Al-Arabi: the great muslim mystic and thinker  |c Husaini, S A Q 
250
260 |a Adam publishers, New Delhi  |c 1996 
300 |a 88 P 
490
650 |a Sufism--Islamic mysticism--Sufi saint--Biography--Ibn Al--Arabi 
942 |c BK 
999 |c 188354  |d 188354 
952 |0 0  |1 0  |4 0  |6 297_409200000000000_HUS  |7 0  |9 201703  |a ISL  |b ISL  |l 0  |o 297.4092 HUS  |p ISL02694  |r 2019-10-28  |w 2019-10-28  |y BK